Statistics for Countries voting against condemning Syria

Click here to take the quiz!

General Stats

  • This quiz has been taken 27 times
  • The average score is 9 of 15

Answer Stats

Hint Answer % Correct
11Russia
100%
7Iran
95%
5China
95%
10North Korea
91%
6Cuba
73%
14Venezuela
68%
2Belarus
55%
1Algeria
50%
3Bolivia
50%
13Syria
45%
15Zimbabwe
45%
9Nicaragua
41%
4Burundi
32%
8Kyrgyzstan
23%
12South Sudan
23%

Score Distribution

Percentile by Number Answered

Percent of People with Each Score

Your Score History

You have not taken this quiz